| 000 | 00583nam a2200181 i 4500 | ||
|---|---|---|---|
| 001 | 83275 | ||
| 003 | ES-MaACL | ||
| 005 | 20230906174813.0 | ||
| 007 | t| | ||
| 008 | 041116s1959 sp f |||| | spa d | ||
| 245 | 0 | 0 |
_aInteriores modernos, decoración, amueblamiento / _cKarl Eichhorn... [et al.]. |
| 260 |
_aBarcelona : _bGustavo Gili, _c[1959] |
||
| 300 |
_a272 p. con 48 lám. en n. y col., 6 lám. en col. adher. ; _c33 cm. |
||
| 650 | 0 | 4 |
_aDecoración interior. _911542 |
| 650 | 0 | 4 |
_aMuebles- _vModelos. _915239 |
| 700 | 1 |
_aEichhorn, Karl. _946808 |
|
| 852 |
_aES-MaACL _jC-19418 |
||
| 999 |
_c83275 _d83275 |
||